000 00641nab a2200181 4500
001 244442
003 OSt
005 20241008120436.0
007 tu
008 200917s2020|||||||
040 _aDE-2950
_cDE-2950
245 0 0 _aSpielwaren Kluge schließt im Herbst endgültig
_bEinzelhandel. Für viele Familien in Frankfurt ist das Spielwaren- und Kinderwagengeschäft Kluge ein beliebter Anlaufpunkt. Doch bald ist Schluss/
_cPhilipp Stepputtis
264 _c2024
653 _aFrankfurt (Oder)
653 _aSpielwaren Kluge
773 0 _g35. Jahrgang (2024) Nr. 230 vom 01.10.2024, S. 15 mit Foto
_tMärkische Oderzeitung
942 _2z
_cA
999 _c373391
_d373391